Prashasanik Vidhi (Record no. 34034)

MARC details
000 -LEADER
fixed length control field 00450nam a2200181Ia 4500
008 - FIXED-LENGTH DATA ELEMENTS--GENERAL INFORMATION
fixed length control field 230917s9999||||xx |||||||||||||| ||und||
020 ## - ISBN
Price RS295
040 ## - CATALOGING SOURCE
-- 211827
Original cataloging agency VIVEKANANDA LIBRARY
041 ## - Language
-- English
082 ## - DDC NUMBER
Classification number 342 J78P
100 ## - MAIN ENTRY--PERSONAL NAME
Personal name Joshi, K C
245 #0 - TITLE STATEMENT
Title Prashasanik Vidhi
250 ## - EDITION STATEMENT
Edition statement 2nd ed.
260 ## - PUBLICATION, DISTRIBUTION, ETC. (IMPRINT)
Place of publication, distribution, etc Lucknow
Name of publisher, distributor, etc Eastern Book Company
Date of publication, distribution, etc 2012
300 ## - PHYSICAL DESCRIPTION
Pages xl, 408 p.
500 ## - GENERAL NOTE
General note 3857 31/10/2013 123 23/11/2013 Main Budget
942 ## - ADDED ENTRY ELEMENTS (KOHA)
Koha item type Books
Holdings
Withdrawn status Lost status Damaged status Not for loan Location (home branch) Sublocation or collection (holding branch) Date acquired Koha issues (times borrowed) Koha full call number Accession No. Koha date last seen Koha item type
        VIVEKANANDA LIBRARY VIVEKANANDA LIBRARY 28/02/2014 1 342 J78P 329435 09/10/2024 Books
        VIVEKANANDA LIBRARY VIVEKANANDA LIBRARY 28/02/2014 1 342 J78P 329436 28/05/2024 Books
        VIVEKANANDA LIBRARY VIVEKANANDA LIBRARY 28/02/2014   342 J78P 329437 17/09/2023 Books
        VIVEKANANDA LIBRARY VIVEKANANDA LIBRARY 28/02/2014 1 342 J78P 329438 08/01/2025 Books
        VIVEKANANDA LIBRARY VIVEKANANDA LIBRARY 28/02/2014 1 342 J78P 329439 19/12/2024 Books
© Designed and Maintained by Vivekananda Library, MDU Rohtak